| 000 | 01138nam0a22003011 4500 | ||
|---|---|---|---|
| 001 | v19\rc\1581322 | ||
| 005 | 20250618211635.0 | ||
| 035 | _a(NLR Aleph) 004708002 | ||
| 090 |
_a4160296 _c4160296 |
||
| 100 | _a20061002d1893 |||y0rusy50 ca | ||
| 101 | 0 | _arus | |
| 102 | _aRU | ||
| 105 | _aa z ||||| | ||
| 200 | 1 |
_aФотографическая оптика _eНеобходимые сведения по применению фотогр. объектов для занимающихся фотографией _eСост. по А. Сорэ (Soret) и др. |
|
| 210 |
_aСанкт-Петербург _cФот. ежегодник П.М. Дементьева (Ф.Л. Веснер) _d1893 |
||
| 215 |
_a[4], 99 с. _cил. _d18 |
||
| 225 | 1 |
_aФотографическая библиотека Дементьева _v1 |
|
| 702 | 1 |
_aСоре _bА. _4100 |
|
| 801 | 0 |
_aRU _bNLR _gpsbo |
|
| 801 | 0 |
_aRU _bRuMoRGB _2psbo |
|
| 801 | 1 |
_aRU _bProSoft-M _2rusmarc |
|
| 852 |
_aNLR _j20.100.5.181 |
||
| 899 |
_aRuMoRGB _jA 203/689 |
||
| 899 |
_aRuMoRGB _jR 435/198 |
||
| 899 |
_aRuMoRGB _jA 234/254 |
||
| 899 | _aБАН | ||
| 942 | _cBOOK | ||
| 980 | _aNB | ||